Formulacion y evaluacion de proyecto

Bibliographic Details
Main Author: Rosales Posas, Ramón
Format: Section = Libro
Language:Undetermined
Spanish
Published: CostaRica ICAP 1999
Subjects:
LEADER 00508nam a2200193Ia 4500
008 240830s9999 xx 000 0 und d
020 |a 9977-20-036-X 
040 |a CEDOC FIQ-RUSB / 658.404 R788 
041 |a spa 
082 |a 658.404 R788 
100 1 |a Rosales Posas, Ramón 
245 1 0 |a Formulacion y evaluacion de proyecto 
260 |a CostaRica  |b ICAP  |c 1999 
300 |a 217 p. :il 
650 7 |a DISEÑO DE PROYECTOS 
650 7 |b  EVALUACION DE PROYECTOS 
942 |c BK  |2 ddc 
991 |a TEXTO 
999 |c 13257